| 000 -LEADER |
| fixed length control field |
00755nam a22000977a 4500 |
| 008 - FIXED-LENGTH DATA ELEMENTS--GENERAL INFORMATION |
| fixed length control field |
160307b xxu||||| |||| 00| 0 eng d |
| 100 ## - MAIN ENTRY--AUTHOR'S NAME |
| Author's Name |
Barnette, David W. |
| 245 ## - TITLE STATEMENT |
| Title |
The offset Berlin Post Office stamps of 1920 |
| 260 ## - PUBLICATION, DISTRIBUTION, ETC. (IMPRINT) |
| Place of publication, distribution, etc. |
Columbus, OH |
| Name of publisher, distributor, etc. |
Published by Diana S. Manchester [for The Inflation Study Group of the Germany Philatelic Society, Inc.], |
| Date of publication, distribution, etc. |
1998 |
| 650 ## - TOPICAL TERM (Tag) |
| Topical term or geographic name |
Germany | 1920 | I Mark | 1.25 Mark | 1.50 Mark | Errors and Varieties | Plates and Plating | Color | Perforation | Printing | Overprints and Surcharges | Provisionals and Forerunners | Inflation Issues | Inflation Period | 20th Century | Germany -- Allenstein (1920) | Danzig (1920-1939) | Marienwerder (1920) | Memel | Saar (1920-1935) | Collecting -- Identification | Covers | Postal History |